000 00565nam a2200205Ia 4500
008 160319s9999 xx 000 0 und d
245 _aAttenborough's Antartic:
245 _ban exploration of life in the freezer /
260 _bBBC Worldwide Inc.
260 _c1997
300 _a1 videodisc :
300 _bsound color :
300 _c4 3/4 in.
650 _aAntarctica --
650 _aAntarctica -- South Pole.
650 _aAntarctica.
650 _aDiscoveries in geography.
650 _aSouth Pole.
650 _xDiscovery and exploration.
999 _c292649
_d292649